Geographical Terms Starting With B - Statistics

General Stats
  • This quiz has been taken 42 times
  • The average score is 3 of 7
Answer Stats
Hint Answer % Correct
Part of a sea or lake within a wide or narrow indentation of the shoreline. The most famous is in San Francisco. bay
86%
A landform along the shoreline of an ocean, sea, lake, or river with a loose surface of sand. beach
73%
The realm of all living things. biosphere
57%
A type of wetland which accumulates deposits of dead plant material, especially mosses, known as peat. bog
54%
The solid rock in the Earth's crust that underlies all soil or other loose material. bedrock
27%
An isolated hill or mountain with steep or precipitous sides, usually having a smaller summit area than a mesa. butte
19%
Any significant accumulation of water, either natural or artificial, on the surface of the Earth. body of water
14%
No matching quizzes found
Score Distribution
Percent of People with Each Score
Percentile by Number Answered
Your Score History
You have not taken this quiz